Music Quiz

Random Music or Song Quiz

Follow the Lyric: Leonard Cohen's Hallelujah Quiz Stats

 Plays Quiz Updated Jun 17, 2014

Support Sporcle.
Go Orange.
Score 0/48 Timer 05:00
0 Plays Today
% Correct
A secret chord
97.3%
Care for music, do you?
94.6%
Pleased the Lord
93.1%
The major lift
92.9%
The fourth, the fifth
91.4%
To a kitchen chair
91%
Cut your hair
90.9%
Hallelujah, Hallelujah
88.1%
Hallelujah, Hallelujah
87.8%
On the roof
87%
Moonlight overthrew you
86.2%
Hallelujah, Hallelujah
85.7%
I've walked this floor
85.6%
But you needed proof
85%
Victory march
84.2%
Hallelujah, Hallelujah
83.6%
Here before
82.8%
Composing Hallelujah
82.6%
Before I knew you
82.5%
Broken Hallelujah
81.3%
She drew the Hallelujah
78.7%
Hallelujah, Hallelujah
78.6%
Broken Hallelujah
77.3%
Drew was Hallelujah
76.8%
% Correct
On the marble arch
76.7%
Going on below
75.2%
Hallelujah, Hallelujah
75.1%
Show it to me, do you?
74.5%
God above
74.1%
From love
73.6%
Someone who outdrew you
73.3%
When you let me know
72%
Who has seen the light
69.6%
Hallelujah, Hallelujah
65.9%
You can hear at night
64.9%
Was moving too
62.7%
Moved in you
61.8%
I don't even know the name
61.8%
Tried to touch
61.2%
Lord of Song
58.5%
Tongue but Hallelujah
58.3%
It wasn't much
56.8%
What's it to you?
56.4%
Of light in every word
55.8%
Went wrong
54.8%
Broken Hallelujah
53.2%
Which you heard
51.2%
I didn't come to fool you
50.4%

You're not logged in!

Compare scores with friends on all Sporcle quizzes.
OR
Log In
Forgot?

From the Vault

The 'Sweetest' Quiz

by Mimbleton

This quiz is perfect for those of you with a sweet tooth.
Remove Ads.
Support Sporcle.
Get the best of Sporcle when you Go Orange. This ad-free experience offers more features, more stats, and more fun while also helping to support Sporcle. Thank you for becoming a member.

Show Comments

Extras

Top Quizzes Today


Score Distribution

Your Account Isn't Verified!

In order to create a playlist on Sporcle, you need to verify the email address you used during registration. Go to your Sporcle Settings to finish the process.

Report this User

Report this user for behavior that violates our Community Guidelines.

Details: